000 00221nam a22000857a 4500
008 161202b xxu||||| |||| 00| 0 eng d
100 _91754
_averma.S.
245 _aMathematics Term-II-X CCE
260 _aNEW DELHI
_bS.CHAND
_c2011
999 _c4463
_d4463